1401 1285 1369 1994 1117 1371 1552 1026 1877 1250 1337 1875 1050 1481 1157 1257 1394 1500 1430 1228 1678 1781 1644 1554 1962 1913 1533 1064 1675 1600 1734 1391 1399 1890 1384 1376 1718 1290 1964 1883 1650 1225 1582 1767 1835 1087 1223 1696 1369 1450 1704 1815 1984 1783 1951 1874 1461 1783 1388 1298 1916 1791 1865 1761 1071 1988 1037 1196 1907 1969 1646 1457 1941 1149 1790 1550 1835 1845 1827 1934 1817 1673 1723 1876 1850 1487 1687 1603 1184 1956 1199 1681 1847 1733 1131 1571 1588 1803 1113 BCNSPRNW ULIB Ver.6.0+V

เปลี่ยนเป็นภาษาไทย

Change to English
 แสดงรายละเอียดบรรณานุกรม
  กลับหน้าหลัก

Brief Record : Get Marc (ISO 2709) : E-mail record : QR code < ปิดหน้าต่าง
LEADER : 00000nam 2200000uu 4500
001    13399120786
003     ULIB
008    020711s2553 th a 000 0 tha d
020    9786167072005
050  4 BQ4420^bฉ151อ
100    ฉลอง เจยาคม
245    อานิสงส์การทำบุญ /^cฉลอง เจยาคม
250    พิพม์ครั้งที่ 2
260    กรุงเทพฯ :^bร่มฟ้าสยาม,^c2553
300    189 หน้า
650    ธรรมะ
945    ^p140^l0^i17698
999    ^aทศพร เกษรทอง
รายการนี้ยังไม่มีแท็ก
คุณยังไม่ได้ล็อกอิน คุณสามารถมีกิจกรรมร่วมกับเว็บไซต์ได้ แต่ต้องล็อกอินก่อน ::
  ล็อกอิน

รายการสื่อสารสนเทศ

ลำดับที่ ประเภท เลขเรียก/บาร์โค้ด สถานที่ สถานะ
1. วิทยาศาสตร์การแพทย์ และสุขภาพ
วิทยาศาสตร์การแพทย์ และสุขภาพ
BQ4420 ฉ151อ ฉ.1 
  Barcode: 17698
ห้องสมุดวิทยาเขตสวรรค์ประชารักษ์
►หนังสือทั่วไป
บนชั้น

รายการใกล้เคียง
    หัวเรื่อง [ธรรมะ]

BibComment


ยังไม่เคยถูกคอมเมนท์

คอมเมนท์ทรัพยากรรายการนี้
  คอมเมนท์: อานิสงส์การทำบุญ ..


 Copyright 2026. Bcnsprnw @Library